Bamiyan : challenge to world heritage (Record no. 444326)

000 -LEADER
fixed length control field 00470cam a22001457a 4500
008 - FIXED-LENGTH DATA ELEMENTS--GENERAL INFORMATION
fixed length control field 180718b2002 xxu||||| |||| 00| 0 eng d
020 ## - INTERNATIONAL STANDARD BOOK NUMBER
International Standard Book Number 8186505598
082 ## - DEWEY DECIMAL CLASSIFICATION NUMBER
Classification number OA56x581 W233b
245 ## - TITLE STATEMENT
Title Bamiyan : challenge to world heritage
Statement of responsibility, etc. edited by K.Warikoo
260 ## - PUBLICATION, DISTRIBUTION, ETC.
Place of publication, distribution, etc. New Delhi
Name of publisher, distributor, etc. Bhavana books
Date of publication, distribution, etc. 2002
300 ## - PHYSICAL DESCRIPTION
Extent 313p.
650 ## - SUBJECT ADDED ENTRY--TOPICAL TERM
Topical term or geographic name entry element Buddhist antiquities -- Afghanistan -- Bamian Region
650 ## - SUBJECT ADDED ENTRY--TOPICAL TERM
Topical term or geographic name entry element Art, Buddhist -- Afghanistan -- Bamian Region
700 ## - ADDED ENTRY--PERSONAL NAME
Personal name Warikoo, K.
Holdings
Withdrawn status Lost status Damaged status Not for loan Permanent Location Current Location Date acquired Full call number Barcode Date last seen Price effective from Koha item type
        Indian Institute of Public Administration Indian Institute of Public Administration 2015-02-25 OA56x581 W233b 86066 2018-07-21 2018-07-21 Book

Powered by Koha